Sports Quiz

Random Sports or Football Quiz

Arsenal players Quiz Stats

 Plays Quiz not verified by Sporcle

Support Sporcle.
Go Orange.
Score 0/17 Timer 05:00
0 Plays Today
Position player % Correct
MidfielderCesc Fabregas
84.9%
GoalkeeperManuel Almunia
84.3%
Head CoachArsene Wenger
81.7%
DefenderBacary Sagna
79%
DefenderGael Clichy
76.1%
GoalkeeperLukasz Fabianski
75.5%
ForwardNicklas Bendtner
72.7%
DefenderThomas Vermaelen
71.4%
DefenderWilliam Gallas
70.5%
Position player % Correct
MidfielderAndre Arshavin
69.5%
MidfielderSamir Nasri
69.2%
MidfielderTomas Rosicky
66.2%
DefenderAlexandre Song
62.2%
ForwardEduardo
55.5%
MidfielderDenilson
55.5%
ForwardRobin Van Persie
52.7%
MidfielderAbou Diabi
11.9%

You're not logged in!

Compare scores with friends on all Sporcle quizzes.
OR
Log In

From the Vault

Which Continent?

by BanjoZebra

This quiz would have been much easier during the days of Pangaea.
Remove Ads.
Support Sporcle.
Get the best of Sporcle when you Go Orange. This ad-free experience offers more features, more stats, and more fun while also helping to support Sporcle. Thank you for becoming a member.

Show Comments

Extras

Top Quizzes Today


Score Distribution

Your Account Isn't Verified!

In order to create a playlist on Sporcle, you need to verify the email address you used during registration. Go to your Sporcle Settings to finish the process.

Report this User

Report this user for behavior that violates our Community Guidelines.

Details: